02628nam a2200229Ia 450000500170000000800410001702000230005804100080008108200220008910000190011124500930013025000120022326000510023530000290028649000190031550400110033452018680034565000410221394200080225499900190226295201170228120250526103820.0240825s9999 xx 000 0 und d a9780226796680qpbk aeng a781.64209768bMOR aMorales, Helen 0aPilgrimage to Dollywood : a country music road trip through Tennessee c/ Helen Morales. a1st ed. b: University of Chicago PressaLondonc, 2021. a165 p.c: ill.b; 23 cm. aCulture trails aBiblio aA star par excellence, Dolly Parton is one of country music's most likable personalities. Even a hard-rocking punk or orchestral aesthete can't help cracking a smile or singing along with songs like "Jolene" and "9 to 5." More than a mere singer or actress, Parton is a true cultural phenomenon, immediately recognizable and beloved for her talent, tinkling laugh, and steel magnolia spirit. She is also the only female star to have her own themed amusement park: Dollywood in Pigeon Forge, Tennessee. Every year thousands of fans flock to Dollywood to celebrate the icon, and Helen Morales is one of those fans. In Pilgrimage to Dollywood, Morales sets out to discover Parton's Tennessee. Her travels begin at the top celebrity pilgrimage site of Elvis Presley's Graceland, then take her to Loretta Lynn's ranch in Hurricane Mills; the Country Music Hall of Fame and the Grand Ole Opry in Nashville; to Sevierville, Gatlinburg, and the Great Smoky Mountains National Park; and finally to Pigeon Forge, home of the "Dolly Homecoming Parade," featuring the star herself as grand marshall. Morales's adventure allows her to compare the imaginary Tennessee of Parton's lyrics with the real Tennessee where the singer grew up, looking at essential connections between country music, the land, and a way of life. It's also a personal pilgrimage for Morales. Accompanied by her partner, Tony, and their nine-year-old daughter, Athena (who respectively prefer Mozart and Miley Cyrus), Morales, a recent transplant from England, seeks to understand America and American values through the celebrity sites and attractions of Tennessee. This celebration of Dolly and Americana is for anyone with an old country soul who relies on music to help understand the world, and it is guaranteed to make a Dolly Parton fan of anyone who has not yet fallen for her music or charisma. aCountry musicians--Homes and haunts. cREF c547915d547915 00104070aACLbACLc6Bd2024-04-29g1894.00l0o781.64209768 MORp680988r2024-08-25 14:01:02w2024-08-25yREF